• 首页
  • 本馆介绍
  • 公告通知
  • 最新文献
  • 馆藏检索
  • 电子资源
  • 读者导购
  • 参考咨询
  • 我的图书馆
  • 登录
  • 详细信息显示
  • 放入我的书架
  • 预约/预借图书
  • 作者相关作品
  • 分类相关作品
  • 丛书相关作品
  • 出版社相关作品

书目信息

  • 表格格式
  • 工作单格式
  • 卡片格式
题名:
生物化学与分子生物学实验教程
    
 
作者: 李林 , 张悦红 主编
分册:  
出版信息: 北京   化学工业出版社  2006
页数: 133页
开本: 27cm
丛书名:
单 册:
中图分类: Q7-33 , Q5-33
科图分类:
主题词: 生物化学--实验--医学院校--教材 , 分子生物学--实验--医学院校 --教材 , 生物化学 , 分子生物学
电子资源:
ISBN: 7-5025-9018-8
000 01049nam0 2200301 450
001 012007089511
005 20070525152955.17
010    @a7-5025-9018-8@dCNY17.00
100    @a20070517d2006 km y0chiy0120 ea
101 0  @achi
102    @aCN@b110000
105    @ay z 000yy
106    @ar
200 1  @a生物化学与分子生物学实验教程@Asheng wu hua xue yu fen zi sheng wu xue shi yan jiao cheng@f李林,张悦红主编@Fli lin,zhang yue hong zhu bian
210    @a北京@c化学工业出版社@d2006
215    @a133页@d27cm
300    @a高等医药院校实验课程教材
330    @a本书的理论部分简要地介绍了生物化学与分子生物学的主要技术理论,包括分光光度技术、电泳技术、层析技术、离心技术等;实验部分由25个实验项目组成。
606 0  @a生物化学@x实验@x医学院校@j教材
606 0  @a分子生物学@x实验@x医学院校 @j教材
606 0  @a生物化学
606 0  @a分子生物学
690    @aQ7-33@v4
690    @aQ5-33@v4
701  0 @a李林@Ali lin@c(医学教育)@4主编
701  0 @a张悦红@Azhang yue hong@4主编
801  0 @aCN@bRULIN@c20070525
905    @dQ5-33@e139@s8
    
    生物化学与分子生物学实验教程/李林,张悦红主编.-北京:化学工业出版社,2006
    133页;27cm
    高等医药院校实验课程教材
    
    ISBN 7-5025-9018-8:CNY17.00
    本书的理论部分简要地介绍了生物化学与分子生物学的主要技术理论,包括分光光度技术、电泳技术、层析技术、离心技术等;实验部分由25个实验项目组成。
●
相关链接 在E读中查询图书 在五车中查询图书 在当当中查询图书 在豆瓣中查询图书


正题名:生物化学与分子生物学实验教程     索取号:Q5-33/139         预约/预借

序号 登录号 条形码 馆藏地/架位号 状态 备注
1 0580699   205806993   第二样本阅览室/ [索取号:Q5-33/139] 在馆    
2 0580700   205807000   第三借阅区/ [索取号:Q5-33/139] 在馆    
3 0580701   205807019   第三借阅区/ [索取号:Q5-33/139] 在馆    
4 0580702   205807028   第三借阅区/ [索取号:Q5-33/139] 在馆    
5 0580703   205807037   第三借阅区/ [索取号:Q5-33/139] 在馆    
6 0580704   205807046   第三借阅区/ [索取号:Q5-33/139] 在馆    
7 0580705   205807055   第三借阅区/ [索取号:Q5-33/139] 在馆    
8 0580706   205807064   第三借阅区/ [索取号:Q5-33/139] 在馆    
唐山师范学院图书馆 欢迎您!
大连网信软件有限公司© 版权所有